World Capitals with Consecutive Letter Pairs - Statistics

General Stats
  • This quiz has been taken 1,657 times
  • The average score is 18 of 46
Answer Stats
Answer % Correct
Stockholm
75%
Zagreb
66%
Abuja
61%
Abu Dhabi
57%
New Delhi
54%
Addis Ababa
51%
Copenhagen
51%
Suva
51%
Tunis
50%
Astana
48%
Bucharest
48%
Budapest
48%
Rabat
47%
Baghdad
46%
Beijing
46%
Algiers
44%
Amsterdam
44%
Kabul
42%
Washington D.C.
42%
Islamabad
39%
Skopje
38%
Gaborone
37%
Belgrade
36%
Thimphu
36%
Belmopan
35%
Chișinău
34%
Buenos Aires
33%
Hanoi
33%
Ashgabat
32%
Brazzaville
32%
Kingston
31%
Kingstown
31%
Nouakchott
31%
Castries
29%
Malabo
27%
Phnom Penh
27%
Warsaw
27%
Mbabane
26%
Pristina
26%
San Marino
26%
Sri Jayawardenepura Kotte
26%
Porto-Novo
25%
Yaoundé
25%
Montevideo
24%
Cotonou
12%
Ngerulmud
12%
No matching quizzes found
Score Distribution
Percent of People with Each Score
Percentile by Number Answered
Your Score History
You have not taken this quiz